| 000 | 01185nam0a2200301 4500 | ||
|---|---|---|---|
| 001 | RU\NLR\ONL2\12633 | ||
| 005 | 20260407065126.0 | ||
| 035 | _a(NLR Aleph) 009660219 | ||
| 090 |
_a9609973 _c9609973 |
||
| 100 | _a20090204d1956 |||y0rusy50 ca | ||
| 101 | 0 |
_atgk _arus |
|
| 102 | _aRU | ||
| 105 | _ay ||||||||| | ||
| 200 | 1 |
_aСадриддин Айни _e(1878-1954) _eбиблиогр. указ. _fГос. респ. б-ка им. Фирдоуси. Отд. краеведения _g[сост. Тальман Р.О.] |
|
| 210 |
_aСталинабад _cГос. респ. б-ка им. Фирдоуси _d1956 |
||
| 215 |
_a47,[2] б. _d22 |
||
| 606 | 0 |
_aТаджикская литература _91702662 _3RU\NLR\auth\66758114 |
|
| 686 | 1 | _aШ5(2=Тад)7 я1 | |
| 686 | 1 |
_aЯ19 _bШ5(2=Тад)7 |
|
| 702 | 1 |
_4570 _7ca _8rus _aАйни _bС. _cтаджикский сов. писатель _f1878-1954 _gСадриддин _9125612 _3RU\NLR\auth\7715967 |
|
| 702 | 1 |
_aТальман _bР. О. _4220 |
|
| 801 | 0 |
_aRU _bNLR _c20090204 _gPSBO |
|
| 852 |
_aNLR _bОНЛ _jТадж./3-6499 |
||
| 942 | _cBOOK | ||
| 980 | _aNB | ||
| 980 | _aONL_RF | ||